| 000 | 01135nam a2200325 a 4500 | ||
|---|---|---|---|
| 001 | 000032961 | ||
| 003 | DO-SdBNP | ||
| 005 | 20240301142627.0 | ||
| 007 | ta | ||
| 008 | 110804s1960 dr 000 0 spa d | ||
| 040 |
_aDO-SdBNP _bspa _cBNPHU |
||
| 049 | _a | ||
| 082 | 4 |
_a398.23 _bH519n _222 |
|
| 100 | 1 |
_aGarrido Puello, E. O. _984 |
|
| 245 | 1 | 0 |
_aNarraciones y tradiciones / _cE. O. Garrido Puello ; prólogo Sócrates Nolasco |
| 246 | 1 | 4 | _aNarraciones y tradiciones sureñas. |
| 260 |
_aCiudad Trujillo, República Dominicana : _bLibrería Dominicana, _c1960. |
||
| 300 |
_a118 p. ; _c20 cm. |
||
| 490 | 1 | _aPensamiento Dominicana | |
| 590 | _aInventariado, 2020/VM | ||
| 650 | 4 |
_aCuentos populares dominicanos _z _977471 |
|
| 650 | 4 |
_aLiteratura folclórica dominicana _926923 |
|
| 650 | 4 |
_aVida cotidiana _vAnécdotas, chistes, sátiras, etc. _977472 |
|
| 651 | 4 |
_aLas Matas de Farfán (República Dominicana ) _xVida social y costumbres _977473 |
|
| 700 | 1 |
_aNolasco, Sócrates, _d1884-1980 _epról. _922323 |
|
| 740 | _a | ||
| 830 | 0 |
_aPensamiento Dominicana _977475 |
|
| 910 | _aVMateo | ||
| 942 |
_2ddc _cLBS1 |
||
| 999 |
_c32452 _d32452 |
||